Quick Pick: Nothing Compares 2 U's Quiz Stats

 Plays Quiz Updated Jun 25, 2019

Score 0/15 Timer 01:30
0 Plays Today
% Correct
Suburb
91.1%
Dumbstruck
90.6%
Hummus
90.2%
Guru
90%
Surplus
89.8%
Fungus
89.5%
Ruckus
88.3%
Succumb
88%
% Correct
Hurtful
87.7%
Unfurl
87.1%
Fulcrum
80.7%
Upthrust
78.7%
Usurp
76.5%
Fugu
72.1%
Kudzu
71%

Today's Daily Dose

You're not logged in!

Compare scores with friends on all Sporcle quizzes.
OR
Log In

Sporcle TV

Today on Sporcle TV


Watch our educational content, quiz creation guides, and fun videos on Sporcle TV.

Show Comments

Extras

Top Quizzes Today


Score Distribution

Your Account Isn't Verified!

In order to create a playlist on Sporcle, you need to verify the email address you used during registration. Go to your Sporcle Settings to finish the process.

Report this User

Report this user for behavior that violates our Community Guidelines.

Details: